000 01454nam a2200337 c 4500
003 BLK
005 20190803101458.0
008 180411b bul|||||r ||||||| ||bul||
010 _aKNG00191351000
020 _a954-419-
_bиздат.: Отечество
040 _aBLK
041 _aBUL
_cBUL
080 _aНемска литература
_b821.112.2
_x-31
_z821.112.2-31
100 1 _aГьорлих, Гюнтер
_eпърви автор
_957553
700 1 _aАлександрова, Ана
_eпрев. от нем.
_gАнтонова, Ана Александрова
_9367825
700 1 _aСандева, Маргарита
_eхудож.
_9367494
139 _aГьорлих, Гюнтер
_bГ 97
245 1 0 _aМомичето и момчето
_bРоман за юноши
_cГюнтер Гьорлих; прев. от нем. Ана Александрова; худож. Маргарита Сандева.
257 _aDEU
260 София
_bОтечество
_c1985
300 _a141 с.
_bс ил.
_c20 см
380 _aX
490 1 _aБиблиотека Връстници
500 _aОриг. загл. Das Madchen und der Junge / Gunter Gorlich. - 74 115 тир.
720 _aGorlich, Gunter
_eпаралелен автор
852 _aЦб 140131
856 4 _qpdf
_u
856 4 _qpdf
_u
942 _cKNG
_n0
_01
944 _aCR
_c04.10.2016
_kРадостина_Карадакова
944 _aED
_c04.10.2016
_kРадостина_Карадакова
999 _c182427
_d182427